Statistiques concernant Transformers G1 par images

Cliquez ici pour prendre le quiz!

Statistiques générales

  • Ce quiz a été pris 25 fois
  • Le résultat moyen est 26 sur 230

Statistiques - réponses

Réponse% Correct
Optimus Prime
100%
Megatron
95%
Bumblebee
75%
Starscream
70%
Jazz
65%
Ratchet
65%
Mirage
60%
Ironhide
50%
Sideswipe
50%
Grimlock
45%
Soundwave
45%
Wheeljack
45%
Arcee
40%
Galvatron
40%
Hound
40%
Jetfire
40%
Prowl
40%
Ravage
35%
Shockwave
35%
Skywarp
35%
Thundercracker
35%
Elita One
30%
Hot Rod
30%
Laserbeak
30%
Orion Pax
30%
Rodimus Prime
30%
Ultra Magnus
30%
Unicron
30%
Brawn
25%
Cliffjumper
25%
Cyclonus
25%
Perceptor
25%
Sentinel Prime
25%
Springer
25%
Acid Storm
20%
Astrotrain
20%
Blitzwing
20%
Blurr
20%
Brainstorm
20%
Breakdown
20%
Crosshairs
20%
Devastator
20%
Juge Quintesson
20%
Moonracer
20%
Red Alert
20%
Sunstorm
20%
Blast
15%
Blast Off
15%
Brawl
15%
Chromia
15%
First Aid
15%
Frenzy
15%
Nova Storm
15%
Pipes
15%
Sandstorm
15%
Sludge
15%
Smokescreen
15%
Sunstreaker
15%
Swindle
15%
Alpha Trion
10%
Bombshell
10%
Bonecrusher
10%
Bruticus
10%
Chromedome
10%
Defensor
10%
Dirge
10%
Grapple
10%
Hook
10%
Inferno
10%
Kickback
10%
Long Haul
10%
Menasor
10%
Mixmaster
10%
Nightbird
10%
Omega Supreme
10%
Onslaught
10%
Powerglide
10%
Predaking
10%
Rampage
10%
Rumble
10%
Scourge
10%
Scrapper
10%
Skids
10%
Skydive
10%
Sky Lynx
10%
Snarl
10%
Swoop
10%
Tailgate
10%
Trailbreaker
10%
Warpath
10%
Abominus
5%
Air Raid
5%
Apeface
5%
Ariel
5%
Blades
5%
Blaster
5%
Blot
5%
Bluestreak
5%
Broadside
5%
Computron
5%
Cosmos
5%
Counterpunch
5%
Cutthroat
5%
Dead End
5%
Dion
5%
Divebomb
5%
Drag Strip
5%
Fortress Maximus
5%
Gears
5%
Goldbug
5%
Headstrong
5%
Hoist
5%
Hot Spot
5%
Huffer
5%
Hun-Gurrr
5%
Ion Storm
5%
Kup
5%
Lightspeed
5%
Metroplex
5%
Mindwipe
5%
Motormaster
5%
Nosecone
5%
Octane
5%
Overkill
5%
Prima
5%
Punch
5%
Ramhorn
5%
Ramjet
5%
Ratbat
5%
Razorclaw
5%
Rewind
5%
Rippersnapper
5%
Runabout
5%
Runamuck
5%
Scattershot
5%
Scavenger
5%
Scorponok
5%
Seaspray
5%
Sharkticon (Gnaw)
5%
Shrapnel
5%
Silverbolt
5%
Sinnertwin
5%
Six Gun
5%
Sixshot
5%
Skullcruncher
5%
Slag
5%
Slingshot
5%
Slugfest
5%
Snapdragon
5%
Spyglass
5%
Steeljaw
5%
Strafe
5%
Streetwise
5%
Superion
5%
Sweeps
5%
Tantrum
5%
Thrust
5%
Tracks
5%
Triggerhappy
5%
Trypticon
5%
Vortex
5%
Weirdwolf
5%
Wheelie
5%
Wreck-Gar
5%
Afterburner
0%
Allicon
0%
Arblus
0%
Ashtray
0%
Autobot X
0%
Autoscout
0%
Beachcomber
0%
Beta
0%
Bitstream
0%
Bourreau Quintesson
0%
Buzzsaw
0%
Cerebros
0%
Chase
0%
Cloudraker
0%
Devcon
0%
Eject
0%
Fastlane
0%
Fireflight
0%
Firestar
0%
Freeway
0%
Gravedigger
0%
Greasestain
0%
Greenlight
0%
Groove
0%
Guardian Prime
0%
Halonix Maximus
0%
Hardhead
0%
Hauler
0%
HAZMAT
0%
Highbrow
0%
Hotlink
0%
Huissier Quintesson
0%
Junkyard
0%
Kranix
0%
Lancer
0%
Misfire
0%
Nacelle
0%
Nancy
0%
Nova Prime
0%
Outback
0%
Playback
0%
Pointblank
0%
Pounce
0%
Primon
0%
Procureur Quintesson
0%
Re-Cycle
0%
Rollbar
0%
Rubbish
0%
Scamper
0%
Scientifique Quintesson
0%
Scrapheap
0%
Searchlight
0%
Slammer
0%
Slugslinger
0%
Spectro
0%
Sureshot
0%
Swerve
0%
Trannis
0%
Trashbin
0%
Viewfinder
0%
Wasteoid Gamma
0%
Wideload
0%
Wildrider
0%
Windcharger
0%
Wingspan
0%
Zeta Prime
0%

Distribution des résultats

Percentile par nombre de réponses

% des personnes avec chaque résultat

Votre développement - résultats

Vous n’avez pas pris ce quiz